Normal view MARC view
  • Congreso Nacional de Orientación Educativa AMPO 95

Entry Nombre de Reunión

Number of records used in: 1

001 - NÚMERO DE CONTROL

  • campo de control: 54212

003 - IDENTIFICADOR DE NÚMERO DE CONTROL

  • campo de control: MX-MxUPN

005 - FECHA Y HORA DE LA ÚLTIMA TRANSACCIÓN

  • campo de control: 20241021123519.0

008 - DATOS DE LONGITUD FIJA

  • campo de control de longitud fija: 241021|| aca||aabn | a|a d

040 ## - FUENTE DE CATALOGACIÓN

  • Agencia original de catalogación: MX-MxUPN
  • Lenguaje de catalogación: spa
  • Agencia transcribió: MX-MxUPN

111 2# - ENCABEZAMIENTO - NOMBRE DE REUNIÓN

  • Nombre de reunión o de jurisdicción: Congreso Nacional de Orientación Educativa AMPO 95
  • Número de la parte, sección o reunión: (1° :
  • Fecha de la reunión : 1995 :
  • Lugar de la reunión: Universidad Autónoma del Estado de Hidalgo)

670 ## - FUENTE EN LA QUE SE LOCALIZARON DATOS

  • Cita de la fuente: La orientación educativa mexicana y los nuevos comportamientos profesionales para el siglo XXI, 1996:
  • Información localizada: portada (Primer Congreso Nacional de Orientación Educativa AMPO 95)

902 ## - CATALOGADOR

  • Catalogador: Víctor Ruiz/211024